000 00787nam a22002297a 4500
005 2010080703193.0
010 _aENG-98782
020 _a9788187966821
_c880.00
035 _aEN-82314
037 _bDBAD/PUB
082 _a950
245 _aGlobalisation and Eurasia /
_cedinted by Ajay Patnaik [and] Tulsiram
260 _aNew Delhi
_bKW Publishers
_c2010
270 _a4676/21,first floor ,Ansari Road,Daryaganj
_bNew Delhi
_e110002
300 _axxvi,454p.
_c23cm (Hb)
650 _aEconomic History
_99155
650 _aGlobalisation-social Aspects
_99156
700 _aPatnaik, Ajay
_98297
700 _aTulsiram
_98298
942 _2ddc
_cEN
_h950
_mGLO
999 _c39986
_d39986